000 01084cam a2200241Ka 4500
082 _a627.8
_bBAR
_cL-NUST, P-15
100 1 _aBartholomew, Charles L.
_944046
245 1 0 _aConcrete dam instrumentation manual
_cby Charles L. Bartholomew and Michael L. Haverland.
260 _aDenver, Colo. :
_bU.S. Dept. of the Interior, Bureau of Reclamation ;
_aSpringfield, Va. :
_bAvailable from the National Technical Information Service,
_c[1988]
300 _axii, 153 p. :
_bill. ;
_c28 cm.
500 _a"October 1987."
500 _aDistributed to depository libraries in microfiche.
500 _aPerforming organization: Bureau of Reclamation, Engineering and Research Center.
526 _a0
_b0
_c0
_d627_800000000000000_BAR
650 0 _aConcrete dams
_xInspection
_944047
650 0 _aDam safety.
_913061
650 0 _aDams
_xInspection
_944048
700 1 _aHaverland, Michael L.
_944049
710 1 _aUnited States.
_921185
710 2 _aEngineering and Research Center (U.S.)
_944050
856 4 0 _uhttp://catalog.hathitrust.org/api/volumes/oclc/17554787.html
942 _2ddc
_cBK
999 _c547891
_d547891